<?xml version="1.0" encoding="UTF-8"?>
<record
    xmlns:xsi="http://www.w3.org/2001/XMLSchema-instance"
    xsi:schemaLocation="http://www.loc.gov/MARC21/slim http://www.loc.gov/standards/marcxml/schema/MARC21slim.xsd"
    xmlns="http://www.loc.gov/MARC21/slim">

  <leader>00829nam a22002177a 4500</leader>
  <controlfield tag="008">240702b        mp ||||| |||| 00| 0 mon d</controlfield>
  <datafield tag="035" ind1=" " ind2=" ">
    <subfield code="a">12014</subfield>
  </datafield>
  <datafield tag="040" ind1=" " ind2=" ">
    <subfield code="a">SU1322070</subfield>
    <subfield code="b">mon</subfield>
    <subfield code="c">MN-UlNLM</subfield>
    <subfield code="d">MN-UlNLM</subfield>
    <subfield code="e">rda</subfield>
  </datafield>
  <datafield tag="041" ind1=" " ind2=" ">
    <subfield code="a">mon</subfield>
  </datafield>
  <datafield tag="042" ind1=" " ind2=" ">
    <subfield code="a">30139</subfield>
  </datafield>
  <datafield tag="084" ind1=" " ind2=" ">
    <subfield code="2">NNA</subfield>
    <subfield code="a">28.691.39</subfield>
    <subfield code="b">&#x410;-35</subfield>
  </datafield>
  <datafield tag="100" ind1=" " ind2=" ">
    <subfield code="a">&#x410;&#x439;&#x433;&#x43D;&#x44D;&#x440; &#x42D;.</subfield>
  </datafield>
  <datafield tag="245" ind1=" " ind2="0">
    <subfield code="a">&#x42D;&#x440;&#x432;&#x44D;&#x44D;&#x445;&#x438;&#x439;</subfield>
  </datafield>
  <datafield tag="264" ind1=" " ind2=" ">
    <subfield code="a">&#x423;&#x43B;&#x430;&#x430;&#x43D;&#x431;&#x430;&#x430;&#x442;&#x430;&#x440; &#x445;&#x43E;&#x442;</subfield>
    <subfield code="b">&#x410;&#x434;&#x43C;&#x43E;&#x43D; &#x425;&#x425;&#x41A;</subfield>
    <subfield code="c">2006</subfield>
  </datafield>
  <datafield tag="300" ind1=" " ind2=" ">
    <subfield code="a">20&#x445;.</subfield>
  </datafield>
  <datafield tag="336" ind1=" " ind2=" ">
    <subfield code="2">rdacontent</subfield>
    <subfield code="a">text</subfield>
    <subfield code="b">txt</subfield>
  </datafield>
  <datafield tag="337" ind1=" " ind2=" ">
    <subfield code="2">rdamedia</subfield>
    <subfield code="a">unmediated</subfield>
    <subfield code="b">n</subfield>
  </datafield>
  <datafield tag="338" ind1=" " ind2=" ">
    <subfield code="2">rdacarrier</subfield>
    <subfield code="a">volume</subfield>
    <subfield code="b">nc</subfield>
  </datafield>
  <datafield tag="650" ind1=" " ind2=" ">
    <subfield code="a">&#x42D;&#x440;&#x432;&#x44D;&#x44D;&#x445;&#x438;&#x439; &#x431;&#x43E;&#x43B; &#x445;&#x430;&#x439;&#x440;&#x441;&#x430;&#x43D; &#x434;&#x430;&#x43B;&#x430;&#x432;&#x447;&#x438;&#x442; &#x448;&#x430;&#x432;&#x44C;&#x436;&#x438;&#x439;&#x43D; &#x430;&#x439;&#x43C;&#x433;&#x438;&#x439;&#x43D; &#x4AF;&#x437;&#x44D;&#x441;&#x433;&#x44D;&#x43B;&#x43D; &#x433;&#x43E;&#x451;&#x43C;&#x441;&#x43E;&#x433; &#x438;&#x445; &#x431;&#x430;&#x433;&#x442; &#x445;&#x430;&#x43C;&#x430;&#x430;&#x440;&#x434;&#x430;&#x433;. &#x425;&#x4AF;&#x4AF;&#x434;&#x4AF;&#x4AF;&#x434; &#x442;&#x430; &#x431;&#x4AF;&#x445;&#x44D;&#x43D;&#x434;&#x44D;&#x44D; &#x441;&#x43E;&#x43D;&#x438;&#x440;&#x445;&#x443;&#x443;&#x43B;&#x430;&#x445;&#x430;&#x434; &#x43C;&#x430;&#x43D;&#x430;&#x439; &#x43E;&#x440;&#x43E;&#x43D;&#x434;...</subfield>
  </datafield>
  <datafield tag="942" ind1=" " ind2=" ">
    <subfield code="2">NNA</subfield>
    <subfield code="c">BK</subfield>
  </datafield>
  <datafield tag="952" ind1=" " ind2=" ">
    <subfield code="0">0</subfield>
    <subfield code="1">0</subfield>
    <subfield code="4">0</subfield>
    <subfield code="6">2869139_&#x410;35</subfield>
    <subfield code="7">0</subfield>
    <subfield code="8">SU1324</subfield>
    <subfield code="a">SU1322070</subfield>
    <subfield code="b">SU1322070</subfield>
    <subfield code="c">SU1324</subfield>
    <subfield code="d">2024-07-04</subfield>
    <subfield code="l">0</subfield>
    <subfield code="o">28.691.39  &#x410;-35</subfield>
    <subfield code="p">SU13212014-4-1</subfield>
    <subfield code="r">2024-07-04</subfield>
    <subfield code="t">37676</subfield>
    <subfield code="y">BK</subfield>
  </datafield>
  <datafield tag="952" ind1=" " ind2=" ">
    <subfield code="0">0</subfield>
    <subfield code="1">0</subfield>
    <subfield code="4">0</subfield>
    <subfield code="6">2869139_&#x410;35</subfield>
    <subfield code="7">0</subfield>
    <subfield code="8">SU1324</subfield>
    <subfield code="a">SU1322070</subfield>
    <subfield code="b">SU1322070</subfield>
    <subfield code="c">SU1324</subfield>
    <subfield code="d">2024-07-04</subfield>
    <subfield code="l">0</subfield>
    <subfield code="o">28.691.39  &#x410;-35</subfield>
    <subfield code="p">SU13212014-4-2</subfield>
    <subfield code="r">2024-07-04</subfield>
    <subfield code="t">37677</subfield>
    <subfield code="y">BK</subfield>
  </datafield>
  <datafield tag="952" ind1=" " ind2=" ">
    <subfield code="0">0</subfield>
    <subfield code="1">0</subfield>
    <subfield code="4">0</subfield>
    <subfield code="6">2869139_&#x410;35</subfield>
    <subfield code="7">0</subfield>
    <subfield code="8">SU1324</subfield>
    <subfield code="a">SU1322070</subfield>
    <subfield code="b">SU1322070</subfield>
    <subfield code="c">SU1324</subfield>
    <subfield code="d">2024-07-04</subfield>
    <subfield code="l">0</subfield>
    <subfield code="o">28.691.39  &#x410;-35</subfield>
    <subfield code="p">SU13212014-4-3</subfield>
    <subfield code="r">2024-07-04</subfield>
    <subfield code="t">37678</subfield>
    <subfield code="y">BK</subfield>
  </datafield>
  <datafield tag="952" ind1=" " ind2=" ">
    <subfield code="0">0</subfield>
    <subfield code="1">0</subfield>
    <subfield code="4">0</subfield>
    <subfield code="6">2869139_&#x410;35</subfield>
    <subfield code="7">0</subfield>
    <subfield code="8">SU1324</subfield>
    <subfield code="a">SU1322070</subfield>
    <subfield code="b">SU1322070</subfield>
    <subfield code="c">SU1324</subfield>
    <subfield code="d">2024-07-04</subfield>
    <subfield code="l">0</subfield>
    <subfield code="o">28.691.39  &#x410;-35</subfield>
    <subfield code="p">SU13212014-4-5</subfield>
    <subfield code="r">2024-07-04</subfield>
    <subfield code="t">37680</subfield>
    <subfield code="y">BK</subfield>
  </datafield>
  <datafield tag="999" ind1=" " ind2=" ">
    <subfield code="c">1069709</subfield>
    <subfield code="d">1069766</subfield>
  </datafield>
</record>
